banner koha

Aspectos gerais sobre a cultura da Lavanda (Lavandula spp.) (Registro n. 300914)

MARC details
000 -LÍDER
fixed length control field 02907nab a2200277 i 4500
003 - CÓDIGO MARC DA AGÊNCIA CATALOGADORA
Campo de controle BR-BrBNA
005 - DATA E HORA DA ÚLTIMA ATUALIZAÇÃO
Campo de controle 20240815145854.0
008 - CAMPO DE TAMANHO FIXO
fixed length control field 240815b2017 bl.qr|pooa||| 00| 0 por |
040 ## - FONTE DA CATALOGAÇÃO
Agência catalogadora BR-BrBNA
Idioma da catalogação por
072 ## - CATEGORIA AGRIS
Código AGRIS F60
Código do objeto 2275
072 ## - CATEGORIA AGRIS
Código AGRIS F30
100 ## - ENTRADA PRINCIPAL - NOME PESSOAL
Nome pessoal Adamuchio, L.G.
100 ## - ENTRADA PRINCIPAL - NOME PESSOAL
Nome pessoal Deschamps, C.
100 ## - ENTRADA PRINCIPAL - NOME PESSOAL
Nome pessoal Machado, M.P.
245 ## - TÍTULO PRINCIPAL
Título principal Aspectos gerais sobre a cultura da Lavanda (Lavandula spp.)
500 ## - NOTA GERAL
Nota geral Publicação on-line; 45 ref.; 2 tables; Summaries (En, Pt)
942 ## - ADDED ENTRY ELEMENTS (KOHA)
Koha item type
520 ## - NOTA DE RESUMO
Nota de conteúdo <br/><br/>RESUMO: <br/><br/>A lavanda (Lavandula spp.) é uma espécie aromática, medicinal e ornamental<br/>da família Lamiaceae cultivada em diferentes regiões do mundo para a produção de óleo<br/>essencial obtido de folhas e inflorescências. Embora o Brasil possua uma grande demanda<br/>pelo óleo essencial da espécie, o seu cultivo no país ainda é insignificante. Tendo em vista<br/>que as condições climáticas e genotípicas afetam diretamente a produção dos metabólitos<br/>secundários, faz-se necessário a seleção dos genótipos mais adequados para cada região<br/>bem como desenvolver tecnologia de cultivo a fim de alcançar produção de óleo que atenda<br/>aos padrões de mercado. O objetivo desta revisão é fornecer dados técnico científicos sobre<br/>a cultura da lavanda e discutir sobre a situação atual do mercado e da pesquisa brasileira com<br/>a espécie.<br/><br/>Palavras-chave: Lamiaceae, óleo essencial, cultivo, planta medicinal
520 ## - NOTA DE RESUMO
Nota de conteúdo <br/><br/>ABSTRACT: <br/><br/>General aspects of Lavender cultivation (Lavandula spp.). Lavender<br/>(Lavandula spp.) is an aromatic, medicinal and ornamental species from Lamiaceae family<br/>cultivated in different regions of the world for essential oil which is obtained from their leaves<br/>and inflorescences. Although Brazil has a great demand for the essential oil of this species, its<br/>cultivation in the country is still insignificant. Given that climate and genetic conditions directly<br/>affect the production of secondary metabolites, it is necessary to select the most appropriate<br/>genotypes for each region as well as to develop technology for cultivation in order to achieve<br/>the oil production that meets the industry standards. The objective of this review is to provide<br/>technical and scientific information on the cultivation of lavender and to discuss about the<br/>Brazilian market and research of this plant species.<br/><br/>Keywords: Lamiaceae, essential oil, farming, medicinal plant.
650 ## - ASSUNTO - THESAGRO
Cabeçalho tópico ou nome geográfico ÓLEO ESSENCIAL
650 ## - ASSUNTO - THESAGRO
Cabeçalho tópico ou nome geográfico PLANTA MEDICINAL
650 ## - ASSUNTO - THESAGRO
Cabeçalho tópico ou nome geográfico ALFAZEMA
773 0# - ENTRADA ANALÍTICA
Host Biblionumber 3543
Registro do item 317263
Imprenta Botucatu-SP Instituto de Biociências - Departamento de Química e Bioquímica 1998
Outro identificador 2024-3900
Título Revista Brasileira de Plantas Medicinais (Brazil)
ISSN 1516-0572
Colação v. 19(4) p. 477-484; (2017)
Número de controle de registro BR2024002137
856 ## - ACESSO E ENDEREÇO ELETRÔNICO
Identificador uniforme de recurso - URI https://www.sbpmed.org.br/admin/files/papers/file_5nNqTx9fIBGE.pdf

Nenhum exemplar disponível.

BINAGRI

Telefone: (61)3218-2567/2388/3357/2097 - binagri@agro.gov.br

Ministério da Agricultura e Pecuária , Esplanada dos Ministérios, Bloco D, Anexo B, Brasília/DF, CEP: 70.043-900